00835nam a2200229 i 4500001000700000003000900007005001700016008004100033040002400074080001400098100003800112245010500150260007000255300002900325490005700354500001800411650003500429710002900464752002600493830005700519852002900576165672ES-MaACL20250831072600.0931025s1893 sp |||| | spa d bspa cPABdES-MaACL a27(082.2)1 aSpencer, Herbert,d1820-1903eaut14aLas instituciones eclesiásticas / cpor Herbert Spencer ; versión directa del inglés con notas aMadrid : bLa España Moderna, c[1893]f(Agustín Avrial imp.) a300 páginas ; c22 cm.1 aBiblioteca de jurisprudencia, filosofía e historia 1aPalau 321492. 7aHistoria eclesiástica2embne2 aLa España Modernaeedt aEspaña - d, Madrid00aBiblioteca de jurisprudencia, filosofía e historia aES-MaACLcSPP2jF-14807